Inteligencia Artificial: Una Guía Completa sobre la IA, el Aprendizaje Automático, el Internet de las Cosas, la Robótica, el Aprendizaje Profundo, el Análisis Predictivo y el Aprendizaje Reforzado.

Guardat en:
Dades bibliogràfiques
Autor principal: Wilkins, Neil (autor)
Format: Llibre
Publicat: [s.l]: [s.n.] 2019.
Matèries:
Etiquetes: Afegir etiqueta
Sense etiquetes, Sigues el primer a etiquetar aquest registre!

MARC

LEADER 00000nam a22000007a 4500
003 CL-VaPUC
005 20250407202437.0
008 250306t2019 ||||| |||| 00| 0 eng d
999 |c 447144  |d 447142 
020 |a 978-1-64748-269-5 
040 |c Pontificia Universidad Católica de Valparaíso 
082 |a 006.3 WIL 2019 
100 |9 896373  |a Wilkins, Neil  |e autor 
245 |a Inteligencia Artificial:  |b Una Guía Completa sobre la IA, el Aprendizaje Automático, el Internet de las Cosas, la Robótica, el Aprendizaje Profundo, el Análisis Predictivo y el Aprendizaje Reforzado.  
260 |a [s.l]:  |b [s.n.]  |c 2019. 
300 |a 228 páginas. 
500 |a c.1-c.2. Instituto Arcos.08-01-2025. 
505 |a 2 manuscritos completos en 1 libro: Primera Parte: Inteligencia Artificial: Lo que usted necesita saber sobre el aprendizaje automático, robótica, aprendizaje profundo, Internet de las cosas, redes neuronales y nuestro futuro. Segunda Parte: Internet de las Cosas: Lo que necesita saber sobre IdC, Macrodatos, Análisis Predictivo, Inteligencia Artificial, Aprendizaje Automático, Seguridad Cibernética y nuestro futuro. 
583 |c 20250306  |k Gabriela Rodríguez Cuevas 
650 0 |9 262362  |a Inteligencia artificial (IA)  |x Innovaciones tecnológicas  
650 0 |9 263360  |a Robótica  
650 0 |9 858719  |a Aprendizaje automático (AA)  
650 0 |a Internet de las cosas (IoT)  |9 604920 
942 |2 ddc  |c BK  |n 0 
952 |0 0  |1 0  |2 ddc  |4 0  |6 006_300000000000000_WIL_2019  |7 0  |8 A  |9 600702  |a BIBINC  |b BIBINC  |d 2025-03-06  |e Instituto Arcos  |i 5665587  |o 006.3 WIL 2019  |p 5665587  |r 2025-03-06  |t 1  |w 2025-03-06  |y BK  |k IFP 
952 |0 0  |1 0  |2 ddc  |4 0  |6 006_300000000000000_WIL_2019  |7 0  |8 A  |9 600703  |a BIBINC  |b BIBINC  |d 2025-03-06  |e Instituto Arcos  |i 5665588  |o 006.3 WIL 2019  |p 5665588  |r 2025-03-06  |t 2  |w 2025-03-06  |y BK  |k IFP